[Event "DEN-chT 0809"]
[Site "Denmark"]
[Date "2008.11.02"]
[Round "2.5"]
[White "Hutters, Tomas"]
[Black "Olesen, Martin"]
[Result "1-0"]
[WhiteElo "2413"]
[BlackElo "2312"]
[PlyCount "41"]
[EventDate "2008.11.01"]
[EventType "team-tourn"]
[EventRounds "9"]
[EventCountry "DEN"]
[SourceTitle "EXT 2023"]
[Source "ChessBase"]
[SourceDate "2022.10.05"]
[SourceVersion "1"]
[SourceVersionDate "2022.10.05"]
[SourceQuality "1"]
[WhiteTeam "Helsinge"]
[BlackTeam "Copenhagen K41"]
[WhiteTeamCountry "DEN"]
[BlackTeamCountry "DEN"]

1. d4 d5 2. c4 Nc6 3. Nf3 Bg4 4. Nc3 e6 5. cxd5 exd5 6. Bf4 Bd6 7. Qd2 Nge7 8. 0-0-0 Qd7 9. Bxd6 Qxd6 10. e3 Bxf3 11. gxf3 0-0-0 12. Kb1 Kb8 13. f4 Nf5 14. Rc1 h6 15. Bd3 Qf6 16. Na4 Nce7 17. Nc5 g5 18. fxg5 hxg5 19. Qb4 Qb6 20. Qa4 Qd6 21. Qb5 1-0

[Event "DEN-chT 0708"]
[Site "Denmark"]
[Date "2008.04.13"]
[Round "9.6"]
[White "Olesen, Martin"]
[Black "Jacobsen, Bo"]
[Result "0-1"]
[WhiteElo "2295"]
[BlackElo "2317"]
[PlyCount "80"]
[EventDate "2007.11.10"]
[EventType "team-tourn"]
[EventRounds "9"]
[EventCountry "DEN"]
[SourceTitle "EXT 2023"]
[Source "ChessBase"]
[SourceDate "2022.10.05"]
[SourceVersion "1"]
[SourceVersionDate "2022.10.05"]
[SourceQuality "1"]
[WhiteTeam "Copenhagen K41"]
[BlackTeam "Aarhus/Skolerne"]
[WhiteTeamCountry "DEN"]
[BlackTeamCountry "DEN"]

1. e4 g6 2. Nc3 Bg7 3. g3 d6 4. Bg2 Nc6 5. d3 Bd7 6. f4 Qc8 7. Nf3 Nd4 8. Nxd4 Bxd4 9. Ne2 Bg7 10. Ng1 e5 11. c3 exf4 12. Bxf4 Nf6 13. Qd2 0-0 14. 0-0-0 Be6 15. Bh6 Bxa2 16. Bxg7 Kxg7 17. c4 a5 18. Qc3 a4 19. Rf1 Qe6 20. Nf3 Ra6 21. h4 Kg8 22. Ng5 Qe5 23. Rxf6 Qxg3 24. Qd2 a3 25. Rhf1 Bxc4 26. R6f3 axb2+ 27. Qxb2 Qxh4 28. Nxh7 Qxh7 29. dxc4 Rfa8 30. Rxf7 Qh6+ 31. Kb1 Rb6 32. Qxb6 cxb6 33. e5 Qd2 34. Bd5 Qb4+ 35. Kc2 Ra2+ 36. Kd3 Qd2+ 37. Ke4 Qe2+ 38. Kd4 dxe5+ 39. Kc3 Ra3+ 40. Kb4 Qb2# 0-1

[Event "DEN-chT 0708"]
[Site "Denmark"]
[Date "2008.04.12"]
[Round "8.6"]
[White "Meyer, Lars A"]
[Black "Olesen, Martin"]
[Result "1/2-1/2"]
[WhiteElo "2222"]
[BlackElo "2295"]
[PlyCount "73"]
[EventDate "2007.11.10"]
[EventType "team-tourn"]
[EventRounds "9"]
[EventCountry "DEN"]
[SourceTitle "EXT 2023"]
[Source "ChessBase"]
[SourceDate "2022.10.05"]
[SourceVersion "1"]
[SourceVersionDate "2022.10.05"]
[SourceQuality "1"]
[WhiteTeam "Aalborg"]
[BlackTeam "Copenhagen K41"]
[WhiteTeamCountry "DEN"]
[BlackTeamCountry "DEN"]

1. d4 d5 2. c4 Nc6 3. Nf3 Bg4 4. e3 e6 5. Nc3 Bb4 6. Bd2 Nf6 7. cxd5 exd5 8. Bb5 0-0 9. Bxc6 bxc6 10. Qa4 Bxc3 11. Bxc3 Bxf3 12. gxf3 Qd7 13. Bb4 Rfe8 14. Rc1 Re6 15. Rc5 Qe8 16. Qa6 Nd7 17. Rxc6 Rxe3+ 18. fxe3 Nb8 19. Qd3 Nxc6 20. Ba3 Qd7 21. Kd2 Re8 22. Rc1 Re6 23. Qb5 a6 24. Qxa6 Nxd4 25. Rxc7 Nxf3+ 26. Ke2 Nd4+ 27. Kd3 Rxa6 28. Rxd7 Ne6 29. Rxd5 g5 30. Ke2 Ra4 31. Kf2 h5 32. Kg3 Rg4+ 33. Kf3 Rh4 34. Kg3 Rg4+ 35. Kf3 Rh4 36. Kg2 Rg4+ 37. Kf3 1/2-1/2

[Event "DEN-chT 0708"]
[Site "Denmark"]
[Date "2008.01.13"]
[Round "5.5"]
[White "Olesen, Martin"]
[Black "Hoiberg, Nina"]
[Result "1/2-1/2"]
[WhiteElo "2295"]
[BlackElo "2183"]
[PlyCount "116"]
[EventDate "2007.11.10"]
[EventType "team-tourn"]
[EventRounds "9"]
[EventCountry "DEN"]
[SourceTitle "EXT 2023"]
[Source "ChessBase"]
[SourceDate "2022.10.05"]
[SourceVersion "1"]
[SourceVersionDate "2022.10.05"]
[SourceQuality "1"]
[WhiteTeam "Copenhagen K41"]
[BlackTeam "Nordre"]
[WhiteTeamCountry "DEN"]
[BlackTeamCountry "DEN"]

1. e4 e5 2. Nf3 Nc6 3. d4 exd4 4. Nxd4 Bc5 5. Nxc6 Qf6 6. Qd2 Qxc6 7. Nc3 Bb4 8. Bd3 Ne7 9. 0-0 0-0 10. Nd5 Nxd5 11. exd5 Bxd2 12. dxc6 Bxc1 13. cxb7 Bxb7 14. Raxc1 Rfe8 15. Rfe1 Kf8 16. f3 Bd5 17. a3 a5 18. Kf2 Reb8 19. b3 Be6 20. Re5 d6 21. Rb5 Rxb5 22. Bxb5 Rb8 23. a4 Rb6 24. Re1 c6 25. Bd3 g6 26. h4 d5 27. h5 Kg7 28. hxg6 hxg6 29. Ke3 Rb4 30. Kd2 Kf6 31. Rh1 Bd7 32. Rh8 c5 33. Ra8 c4 34. c3 Rxb3 35. Bc2 Ra3 36. Rxa5 d4 37. cxd4 c3+ 38. Ke3 Ra2 39. Kd3 Bf5+ 40. Rxf5+ gxf5 41. Kxc3 f4 42. Kb3 Ra1 43. Kb2 Rh1 44. Be4 Rh5 45. Kc3 Ke6 46. Bb7 Kd6 47. Kc4 Rh2 48. a5 Rxg2 49. a6 Ra2 50. d5 Kc7 51. Kd4 Kd6 52. Ke4 Ra4+ 53. Kf5 f6 54. Kxf6 Ra3 55. Kf5 Rxf3 56. Ke4 Ra3 57. Kxf4 Rxa6 58. Bxa6 Kxd5 1/2-1/2

[Event "DEN-chT 0607"]
[Site "Denmark"]
[Date "2007.01.13"]
[Round "4.6"]
[White "Nielsen, Steffen"]
[Black "Olesen, Martin"]
[Result "0-1"]
[WhiteElo "2218"]
[BlackElo "2272"]
[PlyCount "62"]
[EventDate "2006.11.04"]
[EventType "team-tourn"]
[EventRounds "9"]
[EventCountry "DEN"]
[SourceTitle "EXT 2023"]
[Source "ChessBase"]
[SourceDate "2022.10.05"]
[SourceVersion "1"]
[SourceVersionDate "2022.10.05"]
[SourceQuality "1"]
[WhiteTeam "Aalborg"]
[BlackTeam "Copenhagen K41"]
[WhiteTeamCountry "DEN"]
[BlackTeamCountry "DEN"]

1. e4 c5 2. Nf3 d6 3. d4 Nf6 4. Nc3 cxd4 5. Nxd4 g6 6. Be2 Bg7 7. h4 h5 8. Bg5 Nc6 9. Nb3 a5 10. a4 Be6 11. Qd2 Rc8 12. f3 0-0 13. Bh6 Bxb3 14. Bxg7 Kxg7 15. cxb3 Qb6 16. g4 hxg4 17. fxg4 Ne5 18. g5 Nfg4 19. Bxg4 Nxg4 20. Nd5 Qxb3 21. Ra3 Qc4 22. Qc3+ Ne5 23. Qxc4 Rxc4 24. 0-0 Rxe4 25. Rb3 Rxh4 26. Rxb7 Rfh8 27. Rxe7 Rg4+ 28. Kf2 Rh2+ 29. Ke3 Rh3+ 30. Ke2 Re4+ 31. Kf2 Rf3+ 0-1

[Event "DEN-chT 0607"]
[Site "Denmark"]
[Date "2006.11.26"]
[Round "3.6"]
[White "Bekker Jensen, Simon"]
[Black "Olesen, Martin"]
[Result "1-0"]
[WhiteElo "2372"]
[BlackElo "2272"]
[PlyCount "59"]
[EventDate "2006.11.04"]
[EventType "team-tourn"]
[EventRounds "9"]
[EventCountry "DEN"]
[SourceTitle "EXT 2023"]
[Source "ChessBase"]
[SourceDate "2022.10.05"]
[SourceVersion "1"]
[SourceVersionDate "2022.10.05"]
[SourceQuality "1"]
[WhiteTeam "Helsinge"]
[BlackTeam "Copenhagen K41"]
[WhiteTeamCountry "DEN"]
[BlackTeamCountry "DEN"]

1. d4 d5 2. c4 Nc6 3. Nc3 dxc4 4. d5 Ne5 5. f4 Nd7 6. e4 Nb6 7. a4 a5 8. Be3 e6 9. Bxb6 cxb6 10. Bxc4 Bc5 11. dxe6 Bxe6 12. Bxe6 fxe6 13. Qh5+ g6 14. Qe5 Qf6 15. Nf3 Qxe5 16. Nxe5 Nf6 17. Ke2 Ke7 18. Nd3 Rhd8 19. e5 Nd5 20. Ne4 Be3 21. Kf3 Rac8 22. Rae1 Bd4 23. h4 Rf8 24. g3 Nb4 25. Nxb4 axb4 26. Rh2 b3 27. Rd2 Bxe5 28. Ng5 Rc5 29. Rde2 Bd6 30. Nxe6 1-0

[Event "Copenhagen Sommerskak op"]
[Site "Copenhagen"]
[Date "1997.??.??"]
[Round "?"]
[White "Nilsson, Nils Specht"]
[Black "Olesen, Martin"]
[Result "1/2-1/2"]
[WhiteElo "2225"]
[BlackElo "2355"]
[PlyCount "87"]
[EventDate "1997.??.??"]
[EventType "swiss"]
[EventRounds "10"]
[EventCountry "DEN"]
[SourceTitle "EXT 1999"]
[Source "ChessBase"]
[SourceDate "1998.11.16"]
[SourceVersion "1"]
[SourceVersionDate "1998.11.16"]
[SourceQuality "1"]

1. c4 Nf6 2. Nc3 c5 3. g3 e6 4. Bg2 d5 5. d3 d4 6. Ne4 Nxe4 7. Bxe4 Bd6 8. b4 cxb4 9. a3 0-0 10. Qb3 Qe7 11. axb4 Bxb4+ 12. Kf1 Nd7 13. Ba3 Bxa3 14. Qxa3 Nc5 15. Bg2 Qc7 16. Nf3 e5 17. h3 Bd7 18. Kg1 b6 19. Kh2 Bc6 20. Rhb1 Rfe8 21. e4 dxe3 22. fxe3 Nxd3 23. Qxd3 e4 24. Qe2 exf3 25. Bxf3 Bxf3 26. Qxf3 Rad8 27. Rb2 Rd3 28. Qf4 Qd7 29. Re2 h6 30. Raa2 Rd1 31. e4 a5 32. c5 bxc5 33. Rxa5 Rc8 34. Qf5 c4 35. Ra7 Qxa7 36. Qxc8+ Kh7 37. Rg2 Rd4 38. Rc2 g6 39. Qc6 Qa5 40. Re2 Qe5 41. Rf2 Kg7 42. Qb7 Qe6 43. Qb2 Qe5 44. Qb7 1/2-1/2

[Event "Copenhagen Sommerskak op"]
[Site "Copenhagen"]
[Date "1997.??.??"]
[Round "?"]
[White "Olesen, Martin"]
[Black "Adamski, Jan"]
[Result "1-0"]
[WhiteElo "2355"]
[BlackElo "2405"]
[PlyCount "44"]
[EventDate "1997.??.??"]
[EventType "swiss"]
[EventRounds "10"]
[EventCountry "DEN"]
[SourceTitle "EXT 1999"]
[Source "ChessBase"]
[SourceDate "1998.11.16"]
[SourceVersion "1"]
[SourceVersionDate "1998.11.16"]
[SourceQuality "1"]

1. f4 Nf6 2. Nf3 g6 3. d3 d5 4. e3 Bg4 5. Nbd2 Nbd7 6. Be2 Bg7 7. 0-0 0-0 8. Qe1 c6 9. d4 Ne8 10. b3 Nd6 11. c4 c5 12. Bb2 Bxf3 13. Nxf3 dxc4 14. bxc4 Rc8 15. Rc1 Nb6 16. Bd3 Nf5 17. Bxf5 gxf5 18. Qg3 Kh8 19. Qh3 Na4 20. Qxf5 e6 21. Qc2 Nxb2 22. Ng5 f5 1-0

[Event "Copenhagen Sommerskak op"]
[Site "Copenhagen"]
[Date "1997.??.??"]
[Round "?"]
[White "Olesen, Martin"]
[Black "Bekker Jensen, Simon"]
[Result "1/2-1/2"]
[WhiteElo "2355"]
[BlackElo "2230"]
[PlyCount "59"]
[EventDate "1997.??.??"]
[EventType "swiss"]
[EventRounds "10"]
[EventCountry "DEN"]
[SourceTitle "EXT 1999"]
[Source "ChessBase"]
[SourceDate "1998.11.16"]
[SourceVersion "1"]
[SourceVersionDate "1998.11.16"]
[SourceQuality "1"]

1. f4 d5 2. Nf3 g6 3. e3 Bg7 4. Be2 c5 5. 0-0 Nh6 6. d3 Nc6 7. c3 0-0 8. e4 dxe4 9. dxe4 e5 10. Na3 Qe7 11. fxe5 Nxe5 12. Nxe5 Qxe5 13. Qd5 Ng4 14. Bf4 Qe6 15. Rad1 Nf6 16. Qxe6 Bxe6 17. Bd6 Rfd8 18. e5 Ne8 19. Bxc5 Bxe5 20. Bf3 Bxa2 21. Be7 Rxd1 22. Rxd1 Be6 23. Bxb7 Rb8 24. Bc6 Nc7 25. Rd8+ Rxd8 26. Bxd8 f5 27. Nc2 Kf7 28. Nd4 Bxd4+ 29. cxd4 Bd5 30. Bxc7 1/2-1/2

[Event "Copenhagen Sommerskak op"]
[Site "Copenhagen"]
[Date "1997.??.??"]
[Round "?"]
[White "Olesen, Martin"]
[Black "Houska, Miroslav"]
[Result "0-1"]
[WhiteElo "2355"]
[BlackElo "2260"]
[PlyCount "44"]
[EventDate "1997.??.??"]
[EventType "swiss"]
[EventRounds "10"]
[EventCountry "DEN"]
[SourceTitle "EXT 1999"]
[Source "ChessBase"]
[SourceDate "1998.11.16"]
[SourceVersion "1"]
[SourceVersionDate "1998.11.16"]
[SourceQuality "1"]

1. e4 d6 2. d4 Nf6 3. Nc3 e5 4. Nf3 Nbd7 5. Bd3 c6 6. a4 Be7 7. 0-0 0-0 8. b3 Re8 9. Bb2 Qc7 10. Re1 Nf8 11. Ne2 Ng6 12. Ng3 Bf8 13. Nf5 Nf4 14. dxe5 dxe5 15. Qd2 Bxf5 16. Bxe5 Rxe5 17. Qxf4 Rae8 18. Nxe5 Rxe5 19. Qh4 Bb4 20. Re2 Bg4 21. f3 Rh5 22. Qg3 Bc5+ 0-1

[Event "Copenhagen Sommerskak op"]
[Site "Copenhagen"]
[Date "1997.??.??"]
[Round "?"]
[White "Ostergaard, Rasmus"]
[Black "Olesen, Martin"]
[Result "0-1"]
[WhiteElo "2180"]
[BlackElo "2355"]
[PlyCount "108"]
[EventDate "1997.??.??"]
[EventType "swiss"]
[EventRounds "10"]
[EventCountry "DEN"]
[SourceTitle "EXT 1999"]
[Source "ChessBase"]
[SourceDate "1998.11.16"]
[SourceVersion "1"]
[SourceVersionDate "1998.11.16"]
[SourceQuality "1"]

1. d4 g6 2. e4 Bg7 3. c3 d5 4. Nd2 dxe4 5. Nxe4 Nd7 6. Bc4 e6 7. Nf3 Ngf6 8. Nxf6+ Nxf6 9. Bg5 0-0 10. Qe2 a6 11. a4 b6 12. 0-0 Bb7 13. Ne5 Qd6 14. Rad1 Rfe8 15. Rfe1 Nd5 16. Nd3 Qc6 17. Bxd5 Qxd5 18. Qg4 h6 19. Bf4 Rac8 20. Be5 f6 21. Bf4 g5 22. Bc1 Qf5 23. Qxf5 exf5 24. f3 Bd5 25. a5 Bb3 26. Rxe8+ Rxe8 27. Re1 Rxe1+ 28. Nxe1 Kf7 29. axb6 cxb6 30. Kf2 Ke6 31. Nd3 a5 32. Bd2 Kd5 33. Nc1 Bc2 34. g3 Bf8 35. Ke3 Bd6 36. Ke2 h5 37. Be1 f4 38. Nd3 fxg3 39. hxg3 Kc4 40. Nc1 a4 41. Kf2 Bd1 42. Bd2 b5 43. Be3 a3 44. bxa3 Bxa3 45. Bd2 Bb2 46. Na2 Bb3 47. Nc1 Bxc1 48. Bxc1 Kxc3 49. Ke3 Bd5 50. f4 h4 51. gxh4 gxh4 52. Bd2+ Kc2 53. Be1 h3 54. Bg3 b4 0-1

[Event "DEN-ch qual"]
[Site "Denmark"]
[Date "1996.??.??"]
[Round "1"]
[White "Brondum, Eric"]
[Black "Olesen, Martin"]
[Result "1/2-1/2"]
[WhiteElo "2270"]
[BlackElo "2400"]
[PlyCount "43"]
[EventDate "1996.??.??"]
[EventType "swiss"]
[EventRounds "7"]
[EventCountry "DEN"]
[SourceTitle "CBM 051 Extra"]
[Source "ChessBase"]
[SourceDate "1996.05.01"]
[SourceVersion "1"]
[SourceVersionDate "1996.05.01"]
[SourceQuality "1"]

1. d4 Nf6 2. c4 g6 3. Nc3 Bg7 4. e4 d6 5. Nf3 0-0 6. h3 e5 7. d5 Nbd7 8. Bg5 a5 9. Nd2 Nc5 10. g4 Qd7 11. Rg1 Ne8 12. Qe2 f5 13. gxf5 gxf5 14. 0-0-0 Kh8 15. f3 Qf7 16. Be3 Qh5 17. Qg2 Bd7 18. Kb1 Rg8 19. Qg5 Nf6 20. Qxh5 Nxh5 21. Nb5 Na6 22. Rg5 1/2-1/2

[Event "DEN-ch qual"]
[Site "Copenhagen"]
[Date "1995.??.??"]
[Round "6"]
[White "Aagaard, Jacob"]
[Black "Olesen, Martin"]
[Result "1/2-1/2"]
[WhiteElo "2245"]
[BlackElo "2340"]
[PlyCount "24"]
[EventDate "1995.??.??"]
[EventType "swiss"]
[EventRounds "7"]
[EventCountry "DEN"]
[SourceTitle "EXT 1998"]
[Source "ChessBase"]
[SourceDate "1997.11.17"]
[SourceVersion "1"]
[SourceVersionDate "1997.11.17"]
[SourceQuality "1"]

1. e4 c5 2. Nf3 d6 3. Bb5+ Nd7 4. 0-0 Ngf6 5. Re1 a6 6. Bf1 b6 7. d4 cxd4 8. Qxd4 e6 9. e5 dxe5 10. Nxe5 Bc5 11. Qh4 Nxe5 12. Rxe5 Qd4 1/2-1/2

[Event "Newcastle schev"]
[Site "Newcastle on Tyne"]
[Date "1995.??.??"]
[Round "1"]
[White "Crouch, Colin S"]
[Black "Olesen, Martin"]
[Result "1/2-1/2"]
[WhiteElo "2405"]
[BlackElo "2340"]
[PlyCount "67"]
[EventDate "1995.??.??"]
[EventType "schev"]
[EventRounds "9"]
[EventCountry "ENG"]
[SourceTitle "EXT 1998"]
[Source "ChessBase"]
[SourceDate "1997.11.17"]
[SourceVersion "1"]
[SourceVersionDate "1997.11.17"]
[SourceQuality "1"]

1. d4 d5 2. c4 e6 3. Nc3 Nf6 4. cxd5 Nxd5 5. Nf3 c5 6. e3 Nc6 7. Bd3 cxd4 8. exd4 Be7 9. 0-0 0-0 10. Re1 Bf6 11. Be4 Nce7 12. Qd3 h6 13. a3 Bd7 14. Ne5 Nxc3 15. Qe3 Bxe5 16. dxe5 Bc6 17. Bc2 Nf5 18. Bxf5 exf5 19. Qg3 Kh7 20. Be3 Re8 21. Rad1 Qa5 22. Bd2 Qa4 23. Bxc3 Qg4 24. Qxg4 fxg4 25. Rd6 Re6 26. Rxe6 fxe6 27. Rd1 Bd5 28. Rd4 h5 29. Rd3 Rc8 30. h3 Rc4 31. hxg4 Rxg4 32. f3 Rc4 33. Kf2 Kg6 34. Rd4 1/2-1/2

[Event "Hillerod Politiken"]
[Site "Hillerod"]
[Date "1995.??.??"]
[Round "8"]
[White "Danielsen, Henrik"]
[Black "Olesen, Martin"]
[Result "1/2-1/2"]
[WhiteElo "2430"]
[BlackElo "2340"]
[PlyCount "91"]
[EventDate "1995.??.??"]
[EventType "schev"]
[EventRounds "9"]
[EventCountry "DEN"]
[SourceTitle "CBM 046 Extra"]
[Source "ChessBase"]
[SourceDate "1995.07.01"]
[SourceVersion "1"]
[SourceVersionDate "1995.07.01"]
[SourceQuality "1"]

1. d4 d5 2. c4 e6 3. Nc3 Nf6 4. Bg5 Be7 5. e3 0-0 6. Nf3 h6 7. Bh4 Ne4 8. Bxe7 Qxe7 9. Rc1 Nxc3 10. Rxc3 c6 11. Bd3 Nd7 12. 0-0 dxc4 13. Bxc4 b6 14. Qd3 Rd8 15. Rfc1 Bb7 16. Bb3 c5 17. Qe2 Rac8 18. Ba4 cxd4 19. Rxc8 Rxc8 20. Rxc8+ Bxc8 21. Nxd4 Nc5 22. Bc2 e5 23. Nc6 Qc7 24. Qd2 Bd7 25. Nb4 Be6 26. a3 a5 27. Nd3 Qd6 28. Qc3 Nxd3 29. Bxd3 Qc5 30. Qxc5 bxc5 31. Kf1 c4 32. Be2 Kf8 33. Ke1 Ke7 34. Kd2 Kd6 35. Kc3 Kc5 36. g3 f6 37. Bh5 Bd5 38. Bg6 Bf3 39. h4 Bd5 40. f4 Bf3 41. Bf7 Bd5 42. Bg6 Bf3 43. Bf7 Bd5 44. Bh5 exf4 45. exf4 g5 46. hxg5 1/2-1/2

[Event "Troll Masters"]
[Site "Gausdal"]
[Date "1995.??.??"]
[Round "6"]
[White "Fyllingen, Roy Harald"]
[Black "Olesen, Martin"]
[Result "1/2-1/2"]
[WhiteElo "2390"]
[BlackElo "2340"]
[PlyCount "90"]
[EventDate "1995.01.??"]
[EventType "swiss"]
[EventRounds "9"]
[EventCountry "NOR"]
[SourceTitle "CBM 046 Extra"]
[Source "ChessBase"]
[SourceDate "1995.07.01"]
[SourceVersion "1"]
[SourceVersionDate "1995.07.01"]
[SourceQuality "1"]

1. d4 Nf6 2. c4 g6 3. Nc3 Bg7 4. e4 d6 5. Nge2 0-0 6. Ng3 c5 7. d5 e6 8. Be2 a6 9. a4 exd5 10. exd5 Nbd7 11. 0-0 Ne8 12. Be3 f5 13. Qd2 Ndf6 14. h3 Bd7 15. a5 Rb8 16. Na4 Bxa4 17. Rxa4 b5 18. axb6 Rxb6 19. b4 Rxb4 20. Rxa6 Nd7 21. Bg5 Qc8 22. Ra7 Ne5 23. Bh6 Rf7 24. Rxf7 Kxf7 25. Bxg7 Kxg7 26. Qg5 Nf7 27. Qe3 Nf6 28. f4 Qe8 29. Qc3 Qa4 30. Rf3 Rb1+ 31. Kh2 Qa1 32. Qxa1 Rxa1 33. Re3 Nd7 34. Nf1 Ra2 35. g4 g5 36. Kg3 fxg4 37. Kxg4 gxf4 38. Kxf4 Nde5 39. Kf5 Ra8 40. Ng3 Nh6+ 41. Kg5 Re8 42. Nf5+ Nxf5 43. Kxf5 Rf8+ 44. Ke6 Re8+ 45. Kf5 Rf8+ 1/2-1/2

[Event "Politiken Cup 17th"]
[Site "Copenhagen"]
[Date "1995.??.??"]
[Round "9"]
[White "Hellsten, Johan"]
[Black "Olesen, Martin"]
[Result "1-0"]
[WhiteElo "2420"]
[BlackElo "2340"]
[PlyCount "53"]
[EventDate "1995.06.??"]
[EventType "swiss"]
[EventRounds "10"]
[EventCountry "DEN"]
[SourceTitle "CBM 047 Extra"]
[Source "ChessBase"]
[SourceDate "1995.09.01"]
[SourceVersion "1"]
[SourceVersionDate "1995.09.01"]
[SourceQuality "1"]

1. d4 d5 2. Nf3 Nf6 3. c4 e6 4. Nc3 Be7 5. Bg5 0-0 6. e3 h6 7. Bxf6 Bxf6 8. Rc1 c6 9. Bd3 Nd7 10. 0-0 dxc4 11. Bxc4 e5 12. h3 exd4 13. exd4 Re8 14. Qb3 Rf8 15. Qc2 Re8 16. Rfe1 Rxe1+ 17. Rxe1 Nf8 18. Qb3 Qc7 19. Ne4 Bd8 20. Ne5 Be6 21. Bxe6 Nxe6 22. Nxf7 Qxf7 23. Nd6 Qd7 24. Rxe6 Kh8 25. Re8+ Kh7 26. Qd3+ g6 27. Qb3 1-0

[Event "Politiken Cup 17th"]
[Site "Copenhagen"]
[Date "1995.??.??"]
[Round "7"]
[White "Hvenekilde, Jorgen"]
[Black "Olesen, Martin"]
[Result "0-1"]
[WhiteElo "2330"]
[BlackElo "2340"]
[PlyCount "90"]
[EventDate "1995.06.??"]
[EventType "swiss"]
[EventRounds "10"]
[EventCountry "DEN"]
[SourceTitle "CBM 047 Extra"]
[Source "ChessBase"]
[SourceDate "1995.09.01"]
[SourceVersion "1"]
[SourceVersionDate "1995.09.01"]
[SourceQuality "1"]

1. d4 d5 2. Nf3 Nf6 3. Bf4 e6 4. e3 c5 5. c3 Nc6 6. Nbd2 Nh5 7. Be5 f6 8. Nh4 Nxe5 9. dxe5 g6 10. Bb5+ Kf7 11. g4 fxe5 12. Nhf3 Ng7 13. Nxe5+ Kg8 14. Qf3 Qc7 15. Qg3 Bd6 16. f4 Qb6 17. c4 a6 18. Ba4 Qxb2 19. Rd1 b5 20. Bb3 bxc4 21. Bxc4 dxc4 22. Nexc4 Qb8 23. Nxd6 Qxd6 24. Ne4 Qe7 25. 0-0 Ne8 26. Qf2 Bb7 27. Qc2 Rc8 28. Rd2 Bxe4 29. Qxe4 Nf6 30. Qa4 Kf7 31. g5 Nd5 32. e4 Nb6 33. Qxa6 Rhd8 34. Rb2 Na8 35. Rb7 Nc7 36. Qb6 Qd6 37. Qxd6 Rxd6 38. Rc1 Rc6 39. Rd1 Ke7 40. h4 c4 41. Kf2 c3 42. Rc1 Rd8 43. Rc2 Rd3 44. h5 Kd7 45. h6 Rcd6 0-1

[Event "Politiken Cup 17th"]
[Site "Copenhagen"]
[Date "1995.??.??"]
[Round "3"]
[White "Jelling, Erik"]
[Black "Olesen, Martin"]
[Result "1-0"]
[WhiteElo "2415"]
[BlackElo "2340"]
[PlyCount "73"]
[EventDate "1995.06.??"]
[EventType "swiss"]
[EventRounds "10"]
[EventCountry "DEN"]
[SourceTitle "CBM 047 Extra"]
[Source "ChessBase"]
[SourceDate "1995.09.01"]
[SourceVersion "1"]
[SourceVersionDate "1995.09.01"]
[SourceQuality "1"]

1. d4 d5 2. c4 e6 3. Nf3 Nf6 4. Nc3 Be7 5. Bg5 0-0 6. e3 h6 7. Bxf6 Bxf6 8. Rc1 c6 9. Bd3 Nd7 10. 0-0 dxc4 11. Bxc4 e5 12. h3 exd4 13. exd4 Re8 14. Qb3 Rf8 15. Qc2 Re8 16. Rfe1 Nf8 17. Qb3 Ne6 18. Rcd1 b5 19. Bf1 Nc7 20. Ne5 Be6 21. Qc2 Nd5 22. Nxc6 Qb6 23. Nxd5 Bxd5 24. Ne5 Red8 25. b3 Rac8 26. Qd3 a6 27. Qe3 Rd6 28. Bd3 Be6 29. Nf3 Rcd8 30. Qe4 g6 31. Qe3 Bxd4 32. Nxd4 Qxd4 33. Qxh6 Qc3 34. Bxg6 Rxd1 35. Bh7+ Kh8 36. Bd3+ Kg8 37. Qg5+ 1-0

[Event "Czerniak Memorial 11th"]
[Site "Tel Aviv"]
[Date "1995.??.??"]
[Round "3"]
[White "Kundin, Alexander"]
[Black "Olesen, Martin"]
[Result "1/2-1/2"]
[WhiteElo "2205"]
[BlackElo "2340"]
[PlyCount "86"]
[EventDate "1995.??.??"]
[EventType "tourn"]
[EventRounds "11"]
[EventCountry "ISR"]
[EventCategory "4"]
[SourceTitle "EXT 1997"]
[Source "ChessBase"]
[SourceDate "1996.11.15"]
[SourceVersion "1"]
[SourceVersionDate "1996.11.15"]
[SourceQuality "1"]

1. e4 c5 2. Nf3 d6 3. d4 Nf6 4. Nc3 cxd4 5. Nxd4 g6 6. Be2 Bg7 7. 0-0 Nc6 8. Nb3 0-0 9. Bg5 Be6 10. Kh1 Rc8 11. f4 a6 12. Bf3 Nd7 13. Qd2 Nb6 14. f5 Bd7 15. Nd5 Nxd5 16. exd5 Ne5 17. fxg6 fxg6 18. Be2 Nc4 19. Bxc4 Rxc4 20. Qe2 Qc7 21. Qxe7 Bf5 22. c3 Qxe7 23. Bxe7 Re8 24. Rae1 Re4 25. Bh4 R8e5 26. Bg3 Rxd5 27. Kg1 a5 28. Rxe4 Bxe4 29. Re1 Bf5 30. c4 Rd3 31. Nxa5 Bxb2 32. Nxb7 Rd2 33. h3 Bd4+ 34. Kh2 Bd7 35. Nxd6 Bc6 36. Ne4 Rxa2 37. h4 Rc2 38. Bf4 Rxc4 39. Nd2 Rc2 40. Kg3 Bc3 41. Rd1 Bd4 42. Nf3 Bf2+ 43. Kh3 Bxf3 1/2-1/2

[Event "Copenhagen Sommerskak"]
[Site "Copenhagen"]
[Date "1995.??.??"]
[Round "5"]
[White "Libeau, Rene"]
[Black "Olesen, Martin"]
[Result "1-0"]
[WhiteElo "2460"]
[BlackElo "2355"]
[PlyCount "53"]
[EventDate "1995.??.??"]
[EventType "tourn"]
[EventRounds "9"]
[EventCountry "DEN"]
[SourceTitle "EXT 1998"]
[Source "ChessBase"]
[SourceDate "1997.11.17"]
[SourceVersion "1"]
[SourceVersionDate "1997.11.17"]
[SourceQuality "1"]

1. c4 e6 2. Nc3 d5 3. d4 Nf6 4. Nf3 Be7 5. Bg5 0-0 6. Qc2 h6 7. Bxf6 Bxf6 8. 0-0-0 c6 9. e4 dxc4 10. Bxc4 Nd7 11. e5 Be7 12. Qe4 Re8 13. h4 Nf8 14. Rh3 Bd7 15. Rg3 b5 16. Qg4 g6 17. Bd3 c5 18. dxc5 Qc7 19. Qf4 Qxc5 20. Qxh6 Bc6 21. Bxg6 fxg6 22. Rxg6+ Nxg6 23. Qxg6+ Kf8 24. Rd4 Qxd4 25. Nxd4 Bd7 26. h5 b4 27. h6 1-0